[Event "Montcalm op"]
[Site "Quebec CAN"]
[Date "2014.01.12"]
[Round "5"]
[White "Dorion, Francois"]
[Black "Doyon, Stephane"]
[Result "0-1"]
[WhiteElo "1653"]
[BlackElo "1741"]
[PlyCount "54"]
[EventDate "2014.01.10"]
[EventType "swiss"]
[EventRounds "5"]
[EventCountry "CAN"]

1. e4 c6 2. c4 d5 3. cxd5 cxd5 4. exd5 Nf6 5. Nc3 Nxd5 6. d4 Nc6 7. Nf3 Bf5 8.
a3 e6 9. Bd3 Bxd3 10. Qxd3 Be7 11. O-O O-O 12. Rd1 Rc8 13. Be3 Nxe3 14. Qxe3
Qb6 15. Qe2 Bf6 16. d5 Bxc3 17. dxc6 Bf6 18. cxb7 Qxb7 19. Rab1 Rfd8 20. Rxd8+
Rxd8 21. b4 Qd5 22. Kf1 Qf5 23. Rd1 Rc8 24. Qa6 Qc2 25. Rd2 Qb1+ 26. Ke2 Qe4+
27. Kf1 Rc1+ 0-1

[Event "Montcalm op"]
[Site "Quebec CAN"]
[Date "2014.01.12"]
[Round "5"]
[White "Sarra-Bournet, Marc"]
[Black "Boulianne, Gabriel"]
[Result "1-0"]
[WhiteElo "1797"]
[BlackElo "1752"]
[PlyCount "65"]
[EventDate "2014.01.10"]
[EventType "swiss"]
[EventRounds "5"]
[EventCountry "CAN"]

1. e4 c5 2. Nc3 Nc6 3. f4 d6 4. Nf3 g6 5. Bc4 Bg7 6. f5 e6 7. d3 Na5 8. Bg5 Bf6
9. Bb5+ Bd7 10. Bxf6 Nxf6 11. fxe6 fxe6 12. Qd2 Bxb5 13. Nxb5 Nc6 14. O-O a6
15. Nc3 Nd4 16. Nxd4 cxd4 17. Ne2 e5 18. Qh6 Qe7 19. Rf3 O-O-O 20. Qg5 Ng8 21.
Qxe7 Nxe7 22. c3 dxc3 23. Nxc3 Kd7 24. Raf1 Rde8 25. Rf7 Kd8 26. R1f6 Nc6 27.
Rxd6+ Kc8 28. Rdd7 Rhf8 29. Rc7+ Kb8 30. Rxb7+ Ka8 31. Rfc7 Nd4 32. Rxh7 Rd8
33. h3 1-0

[Event "Montcalm-ch"]
[Site "Quebec CAN"]
[Date "2014.05.07"]
[Round "1"]
[White "Auger, Bertrand"]
[Black "Lessard, Claude"]
[Result "1-0"]
[WhiteElo "1969"]
[BlackElo "2004"]
[PlyCount "77"]
[EventDate "2014.04.24"]
[EventType "tourn"]
[EventRounds "5"]
[EventCountry "CAN"]

1. Nf3 c5 2. c4 Nf6 3. Nc3 Nc6 4. g3 g6 5. Bg2 Bg7 6. d4 cxd4 7. Nxd4 Qb6 8.
Nb3 d6 9. O-O O-O 10. Bg5 Be6 11. Nd5 Bxd5 12. cxd5 Ne5 13. Rc1 Rac8 14. Rc2
Qa6 15. Qb1 Rxc2 16. Qxc2 Nc4 17. Rc1 b5 18. Nd4 h6 19. Bxf6 Bxf6 20. Nc6 Qxa2
21. b3 Nb2 22. e4 a5 23. f4 a4 24. bxa4 bxa4 25. e5 dxe5 26. fxe5 Bg5 27. Rf1
Qa3 28. Kh1 Be3 29. Qe4 Bc5 30. g4 Qc3 31. e6 Nd3 32. exf7+ Kg7 33. Nxe7 Bxe7
34. Qxe7 a3 35. Be4 a2 36. Qe6 Ne5 37. Qf6+ Kh7 38. Bxg6+ Nxg6 39. Qxc3 1-0

[Event "Montcalm-ch"]
[Site "Quebec CAN"]
[Date "2014.04.24"]
[Round "1"]
[White "Biakolo, Lima"]
[Black "Gaulin, Gaetan"]
[Result "1-0"]
[WhiteElo "1996"]
[BlackElo "2033"]
[PlyCount "93"]
[EventDate "2014.04.24"]
[EventType "tourn"]
[EventRounds "5"]
[EventCountry "CAN"]

1. e4 c5 2. Nf3 d6 3. d4 cxd4 4. Nxd4 Nf6 5. Nc3 a6 6. f3 e5 7. Nb3 Be6 8. Nd5
Nxd5 9. exd5 Bf5 10. Be3 Nd7 11. c4 h5 12. g3 Be7 13. Bd3 Bxd3 14. Qxd3 Rc8 15.
O-O h4 16. g4 Bg5 17. Nd2 Bxe3+ 18. Qxe3 Qb6 19. Qxb6 Nxb6 20. b3 Ke7 21. f4
Nd7 22. Rae1 f6 23. Nf3 b5 24. Nd4 g6 25. cxb5 axb5 26. Nxb5 Rc5 27. a4 Rxd5
28. Rd1 Nb6 29. fxe5 dxe5 30. Rxd5 Nxd5 31. Rc1 f5 32. Rc6 Rg8 33. g5 Nf4 34.
a5 e4 35. a6 e3 36. a7 Rd8 37. Nd6 Ra8 38. Ra6 Kd7 39. Nc4 Kc7 40. Nxe3 Kb7 41.
Ra4 Nh3+ 42. Kg2 Nxg5 43. Rxh4 Rxa7 44. Rb4+ Kc6 45. Kg3 Ne6 46. Nc4 g5 47.
Rb6+ 1-0

[Event "Montcalm-ch"]
[Site "Quebec CAN"]
[Date "2014.04.24"]
[Round "1"]
[White "Bonneau, Daniel"]
[Black "Sarra-Bournet, Marc"]
[Result "1/2-1/2"]
[WhiteElo "2040"]
[BlackElo "1955"]
[PlyCount "75"]
[EventDate "2014.04.24"]
[EventType "tourn"]
[EventRounds "5"]
[EventCountry "CAN"]

1. d4 d5 2. c4 e6 3. Nc3 Nf6 4. cxd5 exd5 5. Bg5 Be7 6. e3 O-O 7. Bd3 c6 8. Qc2
Nbd7 9. Nf3 Re8 10. O-O h6 11. Bh4 Ne4 12. Bxe7 Qxe7 13. Rfc1 Ndf6 14. Ne5 Ng4
15. Nxg4 Bxg4 16. Nxe4 dxe4 17. Bf1 Rad8 18. Qc5 a6 19. b4 Qf6 20. Rab1 Rd5 21.
Qc2 Rg5 22. Rb2 Bf3 23. g3 Rh5 24. Qd2 Rd8 25. Rc5 Rdd5 26. Rxd5 cxd5 27. Qc3
Qf5 28. Rc2 Bg4 29. Qc7 Kh7 30. Qf4 Qg6 31. Qb8 Rxh2 32. Kxh2 Qh5+ 33. Kg1 Bf3
34. Bg2 Bxg2 35. Kxg2 Qf3+ 36. Kh2 Qh5+ 37. Kg2 Qf3+ 38. Kh2 1/2-1/2

[Event "Montcalm-ch"]
[Site "Quebec CAN"]
[Date "2014.05.01"]
[Round "2"]
[White "Biakolo, Lima"]
[Black "Bonneau, Daniel"]
[Result "1/2-1/2"]
[WhiteElo "2040"]
[BlackElo "1996"]
[PlyCount "126"]
[EventDate "2014.04.24"]
[EventType "tourn"]
[EventRounds "5"]
[EventCountry "CAN"]

1. e4 c5 2. Nf3 d6 3. d4 cxd4 4. Nxd4 Nf6 5. Nc3 g6 6. Be2 Bg7 7. h4 h5 8. f3
Nc6 9. Be3 Nxd4 10. Bxd4 O-O 11. Qd2 Be6 12. O-O-O Qa5 13. Kb1 Rfc8 14. Nd5
Qxd2 15. Nxf6+ Bxf6 16. Rxd2 Bxd4 17. Rxd4 Rc7 18. f4 Rac8 19. c3 Kg7 20. Rf1
Rc5 21. Bd3 Bg4 22. Re1 R8c6 23. Rd5 e5 24. Rxc5 Rxc5 25. g3 Kf6 26. Kc2 Bd7
27. b4 Rc7 28. Kb2 b6 29. c4 Ke7 30. b5 a5 31. bxa6 Bc8 32. Rd1 Ra7 33. f5 Bxa6
34. Be2 Bb7 35. fxg6 fxg6 36. Bd3 Ra8 37. Rf1 Rf8 38. Rxf8 Kxf8 39. Kc3 Ke7 40.
Kb4 Bc6 41. Be2 Kd8 42. Bf3 Kc7 43. a4 Bd7 44. Bd1 Kc6 45. Be2 Bh3 46. Bf3 Bf1
47. Bd1 Bg2 48. Bc2 Bh1 49. Bd3 Bf3 50. Bc2 Be2 51. Bb1 Kc7 52. Kc3 Kd7 53. Bd3
Bxd3 54. Kxd3 Kc6 55. Kc2 Kc7 56. Kb3 Kb7 57. Kc3 Kc7 58. Kd3 Kc6 59. Kc2 Kc7
60. Kb3 Kb7 61. Ka3 Kc7 62. Kb4 Kc6 63. Kb3 Kc7 1/2-1/2

[Event "Montcalm-ch"]
[Site "Quebec CAN"]
[Date "2014.05.01"]
[Round "2"]
[White "Gaulin, Gaetan"]
[Black "Lessard, Claude"]
[Result "1/2-1/2"]
[WhiteElo "2033"]
[BlackElo "2004"]
[PlyCount "143"]
[EventDate "2014.04.24"]
[EventType "tourn"]
[EventRounds "5"]
[EventCountry "CAN"]

1. d4 Nf6 2. c4 c5 3. d5 b5 4. cxb5 a6 5. b6 Qxb6 6. Nc3 g6 7. e4 d6 8. Nf3 Bg4
9. Be2 Bxf3 10. Bxf3 Bg7 11. O-O Nbd7 12. Rb1 O-O 13. Be3 Qb7 14. Qd2 Rfc8 15.
Be2 Qb4 16. f3 Rcb8 17. Rfc1 h5 18. h4 Ne5 19. Nd1 Qa4 20. b3 Qd7 21. Nb2 Qd8
22. Nc4 Nfd7 23. f4 Nxc4 24. Bxc4 Nf6 25. Qd3 Ng4 26. Kf1 a5 27. g3 a4 28. Bg1
axb3 29. Bxb3 Rb4 30. Rc4 Rab8 31. Rbc1 Qa5 32. Rxb4 Qxb4 33. Rc4 Qa3 34. Ke2
Qb2+ 35. Qc2 Qa1 36. Qc1 Qf6 37. Qd2 Re8 38. Rc1 Rb8 39. Rc4 Rb6 40. Qc2 Kh7
41. Qd3 Qa1 42. Qd1 Qf6 43. Qc2 Rb7 44. Qd3 Nh6 45. Kf1 Ra7 46. Kg2 Qa1 47. Qd2
Rb7 48. Qc1 Qf6 49. Qd2 e6 50. dxe6 Qxe6 51. Qd3 Qe7 52. Rc2 Ng4 53. Bf2 Rb4
54. Rc4 Rb8 55. Rc2 Re8 56. Bd5 Nf6 57. Re2 Rc8 58. Qc4 Rb8 59. Bxf7 Rb4 60.
Qe6 Qxe6 61. Bxe6 Nxe4 62. Bg1 Nc3 63. Rd2 Rb6 64. Be3 Bf6 65. f5 Be5 66. fxg6+
Kxg6 67. Bc4 Ne4 68. Bd3 Rb4 69. a3 Ra4 70. Bc2 Rc4 71. Bd3 Ra4 72. Bc2 1/2-1/2

[Event "Montcalm-ch"]
[Site "Quebec CAN"]
[Date "2014.05.01"]
[Round "2"]
[White "Sarra-Bournet, Marc"]
[Black "Auger, Bertrand"]
[Result "0-1"]
[WhiteElo "1955"]
[BlackElo "1969"]
[PlyCount "80"]
[EventDate "2014.04.24"]
[EventType "tourn"]
[EventRounds "5"]
[EventCountry "CAN"]

1. e4 e6 2. d4 d5 3. Nd2 Be7 4. Bd3 c5 5. Ngf3 Nc6 6. dxc5 Nf6 7. O-O O-O 8. c3
e5 9. exd5 Qxd5 10. Qe2 Bg4 11. Ne4 Rad8 12. Nxf6+ Bxf6 13. Be4 Qe6 14. Be3 Rd7
15. Qc2 g6 16. Ng5 Qe7 17. Bxc6 bxc6 18. Ne4 Bg7 19. Nd6 Be6 20. c4 f5 21. Rad1
f4 22. Bc1 f3 23. Qe4 fxg2 24. Qxg2 Bf5 25. Qxc6 Bh3 26. Rfe1 Qh4 27. f3 Re7
28. Qd5+ Kh8 29. Re4 Qh5 30. Re3 Qg5+ 31. Kf2 Qg2+ 32. Ke1 Qf1+ 33. Kd2 Qf2+
34. Re2 Bh6+ 35. Kd3 Rxf3+ 36. Qxf3 Qxf3+ 37. Kc2 Qxe2+ 38. Bd2 Bg4 39. Rg1
Qxd2+ 40. Kb3 Qe3+ 0-1

[Event "Montcalm-ch"]
[Site "Quebec CAN"]
[Date "2014.05.08"]
[Round "3"]
[White "Bonneau, Daniel"]
[Black "Gaulin, Gaetan"]
[Result "0-1"]
[WhiteElo "2040"]
[BlackElo "2033"]
[PlyCount "170"]
[EventDate "2014.04.24"]
[EventType "tourn"]
[EventRounds "5"]
[EventCountry "CAN"]

1. d4 Nf6 2. Nf3 e6 3. c4 Bb4+ 4. Bd2 Qe7 5. g3 b6 6. Bg2 Bb7 7. O-O O-O 8. Nc3
Bxc3 9. Bxc3 Ne4 10. Rc1 d6 11. Qd3 Nxc3 12. Rxc3 Nd7 13. Ng5 Qxg5 14. Bxb7
Rad8 15. Bg2 a5 16. a3 e5 17. e3 exd4 18. exd4 Rfe8 19. Rc2 g6 20. Re2 Re7 21.
Bc6 Kf8 22. Rfe1 Rxe2 23. Qxe2 Nb8 24. Bg2 Qf6 25. Qe4 c6 26. d5 c5 27. Bh3 Na6
28. Kg2 Nc7 29. Qd3 Re8 30. Rxe8+ Nxe8 31. Qb3 Qd8 32. Qb5 Nf6 33. Qc6 Ne4 34.
Bg4 h5 35. Be2 Nf6 36. h3 Kg7 37. Bd3 Ng8 38. b4 axb4 39. axb4 cxb4 40. Qb5 Qc7
41. Qxb4 Qc5 42. Qb2+ Kf8 43. Qe2 Qd4 44. Qe3 Qxe3 45. fxe3 Ke7 46. Kf3 Nf6 47.
Ke2 Nd7 48. Kd2 Ne5 49. Be2 Kd7 50. Kc3 Kc7 51. Kb4 Kb7 52. Kb5 Nd7 53. Kb4 Ne5
54. Kc3 Kc7 55. Kd4 Kd7 56. Bd1 Ke7 57. Ba4 Nf3+ 58. Kd3 Ne5+ 59. Kc3 Kd8 60.
Bd1 Kc7 61. g4 hxg4 62. hxg4 f6 63. Kd4 Kd8 64. Be2 Kd7 65. Kc3 Kc7 66. Kb4 Kb8
67. Kb5 Kb7 68. Bd1 Nd3 69. Bc2 Ne5 70. Bd1 Nd3 71. Be2 Ne5 72. Kb4 Kc7 73. Kc3
Kd8 74. Kd4 Ke7 75. Ke4 Nf7 76. Kf4 Ne5 77. g5 Kf7 78. gxf6 Kxf6 79. Bf1 Nd7
80. Bd3 g5+ 81. Ke4 Nc5+ 82. Kd4 Nxd3 83. Kxd3 Ke5 84. e4 g4 85. Ke3 g3 0-1

[Event "Montcalm-ch"]
[Site "Quebec CAN"]
[Date "2014.05.08"]
[Round "3"]
[White "Lessard, Claude"]
[Black "Sarra-Bournet, Marc"]
[Result "0-1"]
[WhiteElo "2004"]
[BlackElo "1955"]
[PlyCount "86"]
[EventDate "2014.04.24"]
[EventType "tourn"]
[EventRounds "5"]
[EventCountry "CAN"]

1. Nf3 d5 2. c4 dxc4 3. e3 b5 4. a4 c6 5. axb5 cxb5 6. b3 a5 7. bxc4 b4 8. d4
Nf6 9. Bd3 e6 10. O-O Bb7 11. Nbd2 Be7 12. Bb2 O-O 13. c5 Nbd7 14. Qc2 Qc7 15.
Rfc1 Rfc8 16. Bb5 Bc6 17. Bxc6 Qxc6 18. Nc4 a4 19. Nfe5 Nxe5 20. dxe5 Nd7 21.
Nd6 Bxd6 22. exd6 a3 23. Bd4 e5 24. Qb3 exd4 25. exd4 Qb7 26. Rcb1 Rcb8 27. Re1
Nf6 28. Re5 Qc6 29. h3 Qa4 30. Re3 Qxb3 31. Rxb3 Kf8 32. c6 Rb6 33. c7 Nd5 34.
Rc1 Nxc7 35. dxc7 Rc8 36. d5 Ke7 37. d6+ Kxd6 38. Rd3+ Ke7 39. Re3+ Kd7 40.
Rd3+ Rd6 41. Rf3 f6 42. Rb1 Rxc7 43. Rxb4 a2 0-1

[Event "Montcalm-ch"]
[Site "Quebec CAN"]
[Date "2014.05.15"]
[Round "4"]
[White "Bonneau, Daniel"]
[Black "Auger, Bertrand"]
[Result "1/2-1/2"]
[WhiteElo "2040"]
[BlackElo "1969"]
[PlyCount "158"]
[EventDate "2014.04.24"]
[EventType "tourn"]
[EventRounds "5"]
[EventCountry "CAN"]

1. e4 Nf6 2. Nc3 d5 3. exd5 Nxd5 4. Bc4 Nb6 5. Bb3 a5 6. Qf3 e6 7. a3 Bd7 8.
Nge2 Bc6 9. Qg3 a4 10. Ba2 Qd6 11. O-O N8d7 12. d4 Qxg3 13. hxg3 h5 14. Bf4 Bd6
15. Bxd6 cxd6 16. d5 Nxd5 17. Nxd5 exd5 18. Rad1 Nf6 19. Nf4 h4 20. gxh4 Rxh4
21. Nxd5 Bxd5 22. Bxd5 Nxd5 23. Rxd5 O-O-O 24. f3 Rc4 25. Rf2 Rc5 26. Rfd2 Rxd5
27. Rxd5 Kd7 28. Ra5 Rc8 29. c3 Rc4 30. Kf2 Kc6 31. Ra8 b5 32. Ke3 Kd7 33. Rf8
Ke6 34. Rb8 Rc5 35. f4 g5 36. g3 gxf4+ 37. gxf4 f5 38. Rb6 Kd5 39. Kd3 Ke6 40.
Rb8 Kd5 41. Rf8 Ke6 42. Re8+ Kd7 43. Re2 Rc4 44. Rf2 Re4 45. Kc2 Kc6 46. b3 Kc5
47. bxa4 bxa4 48. Kd3 d5 49. Rf1 d4 50. cxd4+ Rxd4+ 51. Kc3 Rc4+ 52. Kd3 Kd5
53. Rf2 Re4 54. Rf1 Rd4+ 55. Ke3 Re4+ 56. Kd3 Rc4 57. Rf2 Rc1 58. Re2 Ra1 59.
Re5+ Kd6 60. Rxf5 Rxa3+ 61. Kd4 Ke6 62. Ra5 Ra1 63. Ke4 Re1+ 64. Kd3 Rd1+ 65.
Ke2 Rd4 66. Ke3 Rb4 67. Kf3 Kf6 68. Kg4 Kg6 69. Ra6+ Kg7 70. Kg5 a3 71. Ra7+
Kg8 72. f5 Rb6 73. f6 Rb1 74. Rxa3 Rg1+ 75. Kf5 Rf1+ 76. Ke5 Re1+ 77. Kf4 Rf1+
78. Ke5 Re1+ 79. Kd4 Kf7 1/2-1/2

[Event "Montcalm-ch"]
[Site "Quebec CAN"]
[Date "2014.05.15"]
[Round "4"]
[White "Gaulin, Gaetan"]
[Black "Sarra-Bournet, Marc"]
[Result "1-0"]
[WhiteElo "2033"]
[BlackElo "1955"]
[PlyCount "99"]
[EventDate "2014.04.24"]
[EventType "tourn"]
[EventRounds "5"]
[EventCountry "CAN"]

1. Nf3 d5 2. c4 dxc4 3. e3 b5 4. a4 c6 5. axb5 cxb5 6. Nc3 Qb6 7. Nd4 Bd7 8.
Qf3 Bc6 9. Nd5 Qb7 10. Nxb5 Bxd5 11. Qxd5 Nc6 12. Rxa7 Rxa7 13. Nxa7 Qxa7 14.
Qxc6+ Kd8 15. Bxc4 e6 16. O-O Ne7 17. Qd6+ Qd7 18. Qxd7+ Kxd7 19. d4 Nc6 20.
Bd2 Bd6 21. Ra1 Rb8 22. b3 Rb7 23. h3 Nb4 24. Ra4 Nc2 25. Kf1 Na3 26. Ke2 h6
27. Kd3 h5 28. e4 f6 29. f4 Nxc4 30. Kxc4 Rc7+ 31. Kd3 g6 32. g3 f5 33. e5 Be7
34. Bb4 Rb7 35. Bxe7 Rxb3+ 36. Kc4 Rxg3 37. Bg5 Rxh3 38. Ra7+ Kc6 39. Ra6+ Kc7
40. Rxe6 Rh1 41. Rxg6 h4 42. Kd5 h3 43. Rg7+ Kc8 44. e6 h2 45. Rh7 Kb8 46. Bf6
Kc8 47. Rh8+ Kb7 48. e7 Re1 49. Rxh2 Kc7 50. Rh8 1-0

[Event "Montcalm-ch"]
[Site "Quebec CAN"]
[Date "2014.05.22"]
[Round "5"]
[White "Auger, Bertrand"]
[Black "Gaulin, Gaetan"]
[Result "1-0"]
[WhiteElo "1969"]
[BlackElo "2033"]
[PlyCount "123"]
[EventDate "2014.04.24"]
[EventType "tourn"]
[EventRounds "5"]
[EventCountry "CAN"]

1. c4 Nf6 2. g3 e6 3. Bg2 d5 4. Nf3 Be7 5. O-O O-O 6. b3 d4 7. Bb2 c5 8. b4 a5
9. bxc5 Bxc5 10. e3 Nc6 11. exd4 Nxd4 12. Na3 Nxf3+ 13. Qxf3 Bd4 14. Rab1 e5
15. Nb5 Bxb2 16. Rxb2 Rb8 17. Qa3 Bd7 18. Nd6 Bc6 19. Rfb1 e4 20. d4 Qc7 21. d5
Nxd5 22. cxd5 Bxd5 23. Bxe4 Bxe4 24. Nxe4 Qc6 25. Nd6 b6 26. Nf5 Qf6 27. Ne7+
Kh8 28. Nd5 Qd8 29. Nxb6 Re8 30. Nc4 Rxb2 31. Qxb2 h6 32. Ne3 f6 33. Rd1 Qa8
34. Qb5 Rb8 35. Qd7 Qf3 36. Qf5 Qa8 37. Qd5 Qa6 38. Qd3 Qb6 39. Nf5 Qb2 40. Qd7
Rg8 41. Ne7 Rb8 42. Ng6+ Kh7 43. Qd3 Kg8 44. Ne7+ Kh8 45. Ng6+ Kg8 46. Ne7+ Kh8
47. Nc6 Ra8 48. Qb3 Qe2 49. Rd8+ Rxd8 50. Nxd8 Qe4 51. Nf7+ Kh7 52. Nd6 Qd4 53.
Qc2+ Kh8 54. Nf5 Qe5 55. h4 h5 56. Ne3 Kg8 57. Qc8+ Kf7 58. Qb7+ Kg8 59. Qd5+
Qxd5 60. Nxd5 Kf7 61. Nb6 Ke6 62. Nc4 1-0

[Event "Montcalm-ch"]
[Site "Quebec CAN"]
[Date "2014.05.22"]
[Round "5"]
[White "Sarra-Bournet, Marc"]
[Black "Biakolo, Lima"]
[Result "0-1"]
[WhiteElo "1955"]
[BlackElo "1996"]
[PlyCount "82"]
[EventDate "2014.04.24"]
[EventType "tourn"]
[EventRounds "5"]
[EventCountry "CAN"]

1. e4 c5 2. Nc3 d6 3. f4 Nf6 4. Nf3 e6 5. Bc4 Be7 6. O-O O-O 7. d3 Nc6 8. Bd2
a6 9. a4 d5 10. Ba2 Nb4 11. Bb1 b6 12. e5 Ne8 13. Ne2 Nc6 14. d4 f5 15. c3 h6
16. g4 Ra7 17. gxf5 exf5 18. Ng3 Be6 19. Be3 c4 20. Kh1 g6 21. Rg1 Kh7 22. Bc2
Rg8 23. Qe2 Bf8 24. Rg2 Rag7 25. Rag1 Be7 26. Ng5+ hxg5 27. Nxf5 Rf7 28. Nxe7
Nxe7 29. Qh5+ Kg7 30. Rxg5 Kf8 31. Qh6+ Ng7 32. Bxg6 Nxg6 33. Rxg6 Bf5 34. h3
Bxg6 35. Rxg6 Rf5 36. Rf6+ Rxf6 37. exf6 Qd7 38. Qh7 Qe6 39. fxg7+ Rxg7 40.
Qh8+ Rg8 41. Qe5 Qxh3# 0-1

[Event "Montreal CC-ch"]
[Site "Montreal CAN"]
[Date "2014.06.15"]
[Round "1"]
[White "Barko, Maxim"]
[Black "Cloutier, Mathieu"]
[Result "0-1"]
[WhiteElo "1890"]
[BlackElo "2031"]
[PlyCount "82"]
[EventDate "2014.06.01"]
[EventType "swiss"]
[EventRounds "5"]
[EventCountry "CAN"]

1. d4 Nf6 2. c4 c5 3. d5 e6 4. Nc3 exd5 5. cxd5 d6 6. e4 g6 7. f4 Bg7 8. Bb5+
Nfd7 9. Nf3 O-O 10. O-O a6 11. Bd3 b5 12. Re1 Re8 13. Be3 Nb6 14. Qd2 Bg4 15.
Qf2 b4 16. Nd1 Na4 17. Rc1 Bxf3 18. gxf3 Nd7 19. Rc2 Nab6 20. Kh1 Ra7 21. Qg3
Nf6 22. Rg1 Nh5 23. Qg4 Nd7 24. Bc1 Bd4 25. Be3 Bxe3 26. Nxe3 Ng7 27. Qh3 Nf6
28. Rcg2 Nfh5 29. Qg4 Qc8 30. f5 Rf8 31. Qh4 Qd8 32. Rg5 Kh8 33. Ng4 f6 34.
Rxh5 Nxh5 35. e5 fxe5 36. f6 Nxf6 37. Qh6 Nxg4 38. Rxg4 Qf6 39. Rxg6 Qxf3+ 40.
Rg2 Rg8 41. Be4 Qf1+ 0-1

[Event "Montreal CC-ch"]
[Site "Montreal CAN"]
[Date "2014.06.13"]
[Round "1"]
[White "Demers, Claude"]
[Black "Millette, Sylvain"]
[Result "0-1"]
[WhiteElo "1150"]
[BlackElo "1706"]
[PlyCount "94"]
[EventDate "2014.06.01"]
[EventType "swiss"]
[EventRounds "5"]
[EventCountry "CAN"]

1. d4 Nf6 2. c4 g6 3. Nf3 Bg7 4. Nc3 d5 5. cxd5 Nxd5 6. e4 Nxc3 7. bxc3 c5 8.
Bb2 O-O 9. Bc4 cxd4 10. cxd4 Bg4 11. e5 Nc6 12. h3 Bxf3 13. Qxf3 Nxd4 14. Qe4
Qa5+ 15. Kf1 Qxe5 16. Re1 Qxe4 17. Rxe4 Rad8 18. Rxe7 Nc6 19. Bxg7 Kxg7 20. Re1
Rd4 21. Bb3 Rfd8 22. g3 Na5 23. Kg2 Nxb3 24. axb3 Rb4 25. Re3 Rd6 26. Rc1 Rbb6
27. Rc7 Rb4 28. Rf3 Rf6 29. Re3 b5 30. Rxa7 Rd4 31. Rb7 Rd2 32. Rf3 Rxf3 33.
Kxf3 Rd3+ 34. Ke4 Rxb3 35. Kd4 Rb2 36. f3 Rb3 37. Ke4 b4 38. Kf4 Rb1 39. g4 h6
40. Kg3 b3 41. Kf2 b2 42. Kg2 g5 43. Rb8 f6 44. Rb7+ Kf8 45. Kf2 Ke8 46. Ke2
Kd8 47. Rb3 Rh1 0-1

[Event "Montreal CC-ch"]
[Site "Montreal CAN"]
[Date "2014.06.13"]
[Round "1"]
[White "Gauthier, Denis"]
[Black "Nesterov, Timour"]
[Result "1-0"]
[WhiteElo "1967"]
[BlackElo "1450"]
[PlyCount "91"]
[EventDate "2014.06.01"]
[EventType "swiss"]
[EventRounds "5"]
[EventCountry "CAN"]

1. d4 Nf6 2. c4 e6 3. Nf3 Bb4+ 4. Nbd2 c5 5. a3 Bxd2+ 6. Bxd2 cxd4 7. Nxd4 Ne4
8. g3 O-O 9. Bg2 Nxd2 10. Qxd2 a6 11. O-O Nc6 12. Rfd1 Qf6 13. Rac1 Rb8 14. b4
Rd8 15. Nxc6 bxc6 16. Bxc6 Bb7 17. Bxb7 Rxb7 18. c5 Rdb8 19. c6 dxc6 20. Rxc6
Ra7 21. Qd6 Rba8 22. Qc5 h6 23. Rc8+ Kh7 24. Rxa8 Rxa8 25. Qc6 Ra7 26. Qc5 Ra8
27. Qc4 g6 28. a4 Kg7 29. b5 axb5 30. axb5 Qe5 31. b6 Rb8 32. Rb1 Rb7 33. Qc6
Qd5 34. Qc3+ Kg8 35. h4 h5 36. Qf6 Qc6 37. Rd1 Rd7 38. Rxd7 Qxd7 39. Qe5 Kf8
40. e4 Ke7 41. Qc5+ Qd6 42. Qb5 Kd8 43. b7 Qb8 44. Qb6+ Kd7 45. e5 Ke8 46. Qc6+
1-0

[Event "Montreal CC-ch"]
[Site "Montreal CAN"]
[Date "2014.06.13"]
[Round "1"]
[White "Harb, Gregory"]
[Black "Jacquet, Stephane"]
[Result "0-1"]
[WhiteElo "1490"]
[BlackElo "2087"]
[PlyCount "74"]
[EventDate "2014.06.01"]
[EventType "swiss"]
[EventRounds "5"]
[EventCountry "CAN"]

1. e4 d6 2. d4 Nf6 3. f3 g6 4. Be3 Bg7 5. Qd2 Nbd7 6. Na3 c5 7. c3 b6 8. Rc1
Bb7 9. d5 a6 10. c4 Qc7 11. Be2 h5 12. h4 O-O-O 13. Nh3 Ne5 14. Ng5 Nh7 15.
Nxh7 Rxh7 16. b4 f5 17. O-O Bf6 18. bxc5 dxc5 19. Bg5 Bxg5 20. Qxg5 Rf8 21. f4
Ng4 22. Bxg4 hxg4 23. e5 Rg8 24. d6 exd6 25. Qf6 dxe5 26. Qe6+ Qd7 27. Qxg8+
Kc7 28. Rcd1 Qe7 29. Qxg6 Qxh4 30. Qd6+ Kc8 31. Qe6+ Kb8 32. Qxe5+ Ka7 33. Rd3
g3 34. Nb5+ axb5 35. Ra3+ Ba6 36. Rxa6+ Kxa6 37. cxb5+ Ka7 0-1

[Event "Montreal CC-ch"]
[Site "Montreal CAN"]
[Date "2014.06.13"]
[Round "1"]
[White "Kay, Sang Kil"]
[Black "Boudreau, Daniel"]
[Result "0-1"]
[WhiteElo "1483"]
[BlackElo "2062"]
[PlyCount "76"]
[EventDate "2014.06.01"]
[EventType "swiss"]
[EventRounds "5"]
[EventCountry "CAN"]

1. d4 Nf6 2. e3 e6 3. Bd3 c5 4. c3 d5 5. Nd2 Nc6 6. f4 b6 7. Ngf3 Bb7 8. O-O
Bd6 9. Ne5 Qc7 10. Qf3 g6 11. g4 O-O-O 12. Bb5 h5 13. g5 Ne8 14. Nxc6 Bxc6 15.
Bxc6 Qxc6 16. c4 Ng7 17. a4 cxd4 18. exd4 Nf5 19. cxd5 Qxd5 20. Qxd5 exd5 21.
Nf3 Rhe8 22. a5 b5 23. a6 Bb4 24. Ne5 Nxd4 25. Be3 Nb3 26. Bxa7 Rxe5 27. fxe5
Rd7 28. Bb6 Nxa1 29. Rxa1 Kb8 30. Rc1 d4 31. a7+ Rxa7 32. Bxa7+ Kxa7 33. Rc7+
Kb6 34. Rxf7 d3 35. Rd7 d2 36. Kf1 Kc6 37. e6 Bd6 38. h4 d1=Q+ 0-1

[Event "Montreal CC-ch"]
[Site "Montreal CAN"]
[Date "2014.06.13"]
[Round "1"]
[White "Krol, Marcin"]
[Black "Gauthier, Luc"]
[Result "0-1"]
[WhiteElo "1195"]
[BlackElo "1776"]
[PlyCount "84"]
[EventDate "2014.06.01"]
[EventType "swiss"]
[EventRounds "5"]
[EventCountry "CAN"]

1. d4 d5 2. f4 Nf6 3. Nf3 e6 4. e3 c5 5. b3 Nc6 6. Bb5 Bd7 7. Bxc6 Bxc6 8. Qe2
Ne4 9. c4 cxd4 10. Nxd4 Qh4+ 11. g3 Nxg3 12. Qf2 Nf5 13. Qxh4 Nxh4 14. O-O Rc8
15. Nd2 Bc5 16. N2f3 Nxf3+ 17. Nxf3 dxc4 18. bxc4 O-O 19. Nd4 Rfd8 20. Bb2 Be4
21. Rad1 a6 22. a3 Bxd4 23. Rxd4 Rxd4 24. Bxd4 Rxc4 25. Bb2 h6 26. Rf2 Rc2 27.
Kf1 Rxf2+ 28. Kxf2 f6 29. Ke2 Kf7 30. Kd2 g5 31. a4 g4 32. a5 h5 33. Ke2 h4 34.
Kf2 h3 35. Kg3 f5 36. Be5 b5 37. axb6 a5 38. Bd6 a4 39. Be5 a3 40. Bd4 a2 41.
Be5 Ke8 42. Kf2 Kd7 0-1

[Event "Montreal CC-ch"]
[Site "Montreal CAN"]
[Date "2014.06.13"]
[Round "1"]
[White "Luo, Zhao Yang"]
[Black "Tinica, Gabriel"]
[Result "1-0"]
[WhiteElo "2078"]
[BlackElo "1488"]
[PlyCount "51"]
[EventDate "2014.06.01"]
[EventType "swiss"]
[EventRounds "5"]
[EventCountry "CAN"]

1. d4 Nf6 2. Nf3 g6 3. Bg5 Bg7 4. Nbd2 O-O 5. e4 d6 6. Be2 Nbd7 7. O-O e5 8. d5
h6 9. Bh4 g5 10. Bg3 Nh5 11. c4 Nxg3 12. hxg3 Nb6 13. b4 f5 14. c5 Nxd5 15.
exd5 e4 16. Rc1 exf3 17. Bxf3 g4 18. Be2 dxc5 19. bxc5 Kh8 20. Nc4 h5 21. d6
Be6 22. Qc2 f4 23. Qe4 Bxc4 24. Bxc4 fxg3 25. Bd3 gxf2+ 26. Rxf2 1-0

[Event "Montreal CC-ch"]
[Site "Montreal CAN"]
[Date "2014.06.13"]
[Round "1"]
[White "Perrault, Marc"]
[Black "Lopez Linares, Lizandro"]
[Result "0-1"]
[WhiteElo "1526"]
[BlackElo "2189"]
[PlyCount "70"]
[EventDate "2014.06.01"]
[EventType "swiss"]
[EventRounds "5"]
[EventCountry "CAN"]

1. d4 Nf6 2. Nc3 d5 3. Bg5 e6 4. e4 Be7 5. e5 Nfd7 6. h4 c5 7. Bxe7 Kxe7 8. Nf3
Nc6 9. Bb5 a6 10. Bxc6 bxc6 11. dxc5 Qa5 12. Qd4 Qxc5 13. Qxc5+ Nxc5 14. Nd4
Bb7 15. Rh3 Nd7 16. f4 c5 17. Nf3 h5 18. Nd2 Rhd8 19. O-O-O Rac8 20. Nb3 d4 21.
Ne2 Bxg2 22. Rg3 Be4 23. Na5 g6 24. Nc4 Ra8 25. Nd6 Bd5 26. c3 f6 27. cxd4 cxd4
28. Rxd4 fxe5 29. fxe5 Nxe5 30. Ne4 Rac8+ 31. Rc3 Nf3 32. Ra4 Nxh4 33. Nc5 Nf5
34. Nf4 g5 35. Nxh5 Rh8 0-1

[Event "Montreal CC-ch"]
[Site "Montreal CAN"]
[Date "2014.06.13"]
[Round "1"]
[White "Raduica, Gheorghe"]
[Black "Cloutier, Mathieu"]
[Result "0-1"]
[WhiteElo "1451"]
[BlackElo "2031"]
[PlyCount "96"]
[EventDate "2014.06.01"]
[EventType "swiss"]
[EventRounds "5"]
[EventCountry "CAN"]

1. e4 c5 2. Nf3 d6 3. Bb5+ Nc6 4. Bxc6+ bxc6 5. Nc3 e5 6. d3 Be7 7. Be3 Nf6 8.
h3 Qc7 9. Qd2 Bd7 10. b3 d5 11. exd5 cxd5 12. Bg5 d4 13. Ne2 Bc6 14. Bxf6 Bxf6
15. Ng3 Bxf3 16. gxf3 g6 17. Ne4 Bg7 18. Ke2 h5 19. c3 Bh6 20. Qb2 Qe7 21. Qa3
O-O 22. cxd4 exd4 23. Qxc5 Qxc5 24. Nxc5 Rfc8 25. b4 a5 26. a3 axb4 27. axb4
Re8+ 28. Ne4 Rxa1 29. Rxa1 f5 30. Ra6 Kh7 31. Rd6 Bg7 32. b5 fxe4 33. fxe4 Be5
34. Rd7+ Kh6 35. f4 Bxf4 36. Rxd4 Kg5 37. Kf3 Be5 38. Rd5 Kh4 39. Kg2 Bg3 40.
Rc5 Ra8 41. Rc2 Ra3 42. e5 Bxe5 43. Re2 Bf4 44. Rf2 g5 45. Rf3 Rb3 46. b6 Rxb6
47. d4 Rb2+ 48. Kg1 Rd2 0-1